[Event "ESP-ch U14"]
[Site "Salobrena"]
[Date "2023.07.20"]
[Round "6"]
[White "Galiana Fernandez, Hector"]
[Black "Castillo Lopez, Jon"]
[Result "0-1"]
[WhiteElo "1737"]
[BlackElo "1586"]
[PlyCount "126"]
[EventDate "2023.07.17"]
[EventType "swiss"]
[EventRounds "9"]
[EventCountry "ESP"]
[SourceTitle "EXT 2024"]
[Source "ChessBase"]
[SourceDate "2023.10.10"]
[SourceVersion "1"]
[SourceVersionDate "2023.10.10"]
[SourceQuality "1"]

1. e4 c5 2. Nf3 e6 3. g3 Nc6 4. Bg2 Nf6 5. Nc3 Be7 6. 0-0 0-0 7. d4 cxd4 8. Nxd4 Qb6 9. Nxc6 dxc6 10. e5 Nd7 11. Re1 f6 12. exf6 Nxf6 13. Qe2 e5 14. h3 Bd6 15. b3 Bf5 16. Bb2 Rae8 17. Rad1 Qc7 18. Ne4 Nxe4 19. Bxe4 Bxe4 20. Qxe4 Rf6 21. Re2 Rg6 22. Kg2 Ree6 23. Rde1 Qf7 24. Qc4 b5 25. Qh4 Be7 26. Qe4 Bd6 27. Qd3 Qf4 28. Kh2 Qg5 29. f4 Qh5 30. Bxe5 Rh6 31. h4 Bxe5 32. Rxe5 Qe8 33. Qf5 Rxe5 34. Qxe5 Qxe5 35. fxe5 Kf7 36. Kg2 Re6 37. Kf3 Re8 38. Kf4 Rd8 39. Re2 Rd1 40. e6+ Ke7 41. Kf5 Rf1+ 42. Ke5 Rd1 43. g4 Rd5+ 44. Kf4 Rd1 45. Re4 Rd2 46. a4 Rxc2 47. axb5 cxb5 48. g5 a6 49. h5 Rc6 50. Kf5 Rc5+ 51. Kf4 Rc6 52. b4 Rxe6 53. Rxe6+ Kxe6 54. Ke4 Kd6 55. Kd4 Kc6 56. Ke5 Kb6 57. Ke6 a5 58. Kf7 axb4 59. Kxg7 b3 60. g6 hxg6 61. h6 b2 62. h7 b1Q 63. h8Q Qb2+ 0-1

[Event "ESP-ch U14"]
[Site "Salobrena"]
[Date "2023.07.19"]
[Round "5"]
[White "Castillo Lopez, Jon"]
[Black "Silva Cerda, Mark Valentin"]
[Result "0-1"]
[WhiteElo "1586"]
[BlackElo "1778"]
[PlyCount "74"]
[EventDate "2023.07.17"]
[EventType "swiss"]
[EventRounds "9"]
[EventCountry "ESP"]
[SourceTitle "EXT 2024"]
[Source "ChessBase"]
[SourceDate "2023.10.10"]
[SourceVersion "1"]
[SourceVersionDate "2023.10.10"]
[SourceQuality "1"]

1. e4 c6 2. d4 d5 3. exd5 cxd5 4. Bd3 Nc6 5. c3 Nf6 6. Bf4 Bg4 7. Qb3 Qd7 8. Nd2 e6 9. Ngf3 Bd6 10. Bxd6 Qxd6 11. Qxb7 Rb8 12. Qa6 0-0 13. 0-0 Rxb2 14. Bb5 Rb8 15. Qxc6 Qf4 16. Rab1 Rxd2 17. Nxd2 Qxd2 18. Qd6 Rf8 19. f3 Bf5 20. Rbd1 Qxc3 21. Qc5 Qe3+ 22. Kh1 h5 23. Qc1 Qxc1 24. Rxc1 Rb8 25. a4 h4 26. Rc7 a6 27. Bxa6 Rb2 28. Rc8+ Kh7 29. Bb5 Nh5 30. Rc5 Ra2 31. Rcc1 Nf4 32. Rg1 g5 33. Ra1 Rb2 34. Bf1 g4 35. a5 g3 36. a6 Nh3 37. hxg3 hxg3 0-1

[Event "ESP-ch U14"]
[Site "Salobrena"]
[Date "2023.07.18"]
[Round "9"]
[White "Castillo Lopez, Jon"]
[Black "Palomo Monserrat, Lorenzo"]
[Result "1/2-1/2"]
[WhiteElo "1586"]
[BlackElo "1760"]
[PlyCount "88"]
[EventDate "2023.07.17"]
[EventType "swiss"]
[EventRounds "9"]
[EventCountry "ESP"]
[SourceTitle "EXT 2024"]
[Source "ChessBase"]
[SourceDate "2023.10.10"]
[SourceVersion "1"]
[SourceVersionDate "2023.10.10"]
[SourceQuality "1"]

1. e4 c5 2. c4 Nc6 3. Nc3 g6 4. g3 Bg7 5. Bg2 e6 6. Nge2 Nge7 7. d3 0-0 8. 0-0 a6 9. Rb1 b5 10. Bf4 b4 11. Na4 d6 12. b3 Qc7 13. Qd2 Rd8 14. Nb2 Qa5 15. Nd1 Qb6 16. Rc1 Qc7 17. Be3 Bd7 18. f4 a5 19. d4 cxd4 20. Nxd4 Nxd4 21. Bxd4 Bxd4+ 22. Qxd4 Qc5 23. Qxc5 dxc5 24. Nf2 Nc6 25. e5 Rac8 26. Bxc6 Bxc6 27. Ng4 Rd2 28. Rf2 Rcd8 29. Rcf1 Kg7 30. Rxd2 Rxd2 31. Rf2 Rd1+ 32. Rf1 Rxf1+ 33. Kxf1 Be4 34. Nf6 Bb1 35. Nd7 Bxa2 36. Nxc5 a4 37. Nxa4 Bxb3 38. Nb2 g5 39. Kf2 gxf4 40. gxf4 Kg6 41. Kf3 Kf5 42. h3 h6 43. Nd3 Bxc4 44. Nxb4 f6 1/2-1/2

[Event "ESP-ch U14"]
[Site "Salobrena"]
[Date "2023.07.17"]
[Round "2"]
[White "Jimenez Freniche, David"]
[Black "Castillo Lopez, Jon"]
[Result "1-0"]
[WhiteElo "1786"]
[BlackElo "1586"]
[PlyCount "85"]
[EventDate "2023.07.17"]
[EventType "swiss"]
[EventRounds "9"]
[EventCountry "ESP"]
[SourceTitle "EXT 2024"]
[Source "ChessBase"]
[SourceDate "2023.10.10"]
[SourceVersion "1"]
[SourceVersionDate "2023.10.10"]
[SourceQuality "1"]

1. d4 d5 2. Nf3 Nf6 3. c4 e6 4. g3 c6 5. Bg2 Bd6 6. 0-0 0-0 7. Qc2 Nbd7 8. Nbd2 e5 9. cxd5 Nxd5 10. Nc4 Qc7 11. Rd1 exd4 12. Nxd6 Qxd6 13. Rxd4 Qg6 14. Qxg6 hxg6 15. e4 N5b6 16. Bf4 Nf6 17. Ng5 Re8 18. Rad1 Be6 19. Nxe6 Rxe6 20. f3 Ree8 21. b3 Nh7 22. a4 a5 23. Bc7 Nc8 24. Rd8 Ne7 25. Bxa5 Nf8 26. Rxe8 Rxe8 27. Rd8 Rxd8 28. Bxd8 Nc8 29. Kf2 Ne6 30. Bh3 f5 31. Bh4 Nd4 32. Ke3 Nxb3 33. exf5 Nb6 34. fxg6 Nd5+ 35. Kf2 Nc5 36. a5 Kf8 37. Bc8 Nb3 38. Bd8 Ne7 39. Bxb7 c5 40. Bxe7+ Kxe7 41. a6 c4 42. a7 c3 43. Be4 1-0

[Event "ESP-ch U12 Rapid"]
[Site "Salobrena"]
[Date "2022.07.17"]
[Round "7"]
[White "Castillo Lopez, Jon"]
[Black "Herrero Pena, Laura"]
[Result "1/2-1/2"]
[WhiteElo "1395"]
[BlackElo "1269"]
[PlyCount "106"]
[EventDate "2022.07.09"]
[EventType "swiss (rapid)"]
[EventRounds "9"]
[EventCountry "ESP"]
[SourceTitle "EXT 2023"]
[Source "ChessBase"]
[SourceDate "2022.10.05"]
[SourceVersion "1"]
[SourceVersionDate "2022.10.05"]
[SourceQuality "1"]

1. e4 c5 2. c3 e6 3. Nf3 Nf6 4. e5 Nd5 5. d4 cxd4 6. cxd4 d6 7. Bc4 dxe5 8. dxe5 Nc6 9. 0-0 Nb6 10. Qxd8+ Nxd8 11. Bb5+ Bd7 12. Nc3 Bb4 13. Bxd7+ Nxd7 14. Nb5 0-0 15. a3 Be7 16. Be3 a6 17. Nc3 Nc6 18. Bf4 Rfd8 19. Rad1 Nb6 20. Nd2 Rd7 21. Be3 Nd5 22. Nc4 Rad8 23. Nxd5 Rxd5 24. Rxd5 Rxd5 25. f4 Nd4 26. Nb6 Rd8 27. Kf2 Nf5 28. Nc4 Nxe3 29. Nxe3 Bc5 30. Re1 Rd2+ 31. Re2 Rd3 32. Rc2 Bxe3+ 33. Ke2 Rd2+ 34. Rxd2 Bxd2 35. Kxd2 Kf8 36. Kc3 Ke7 37. Kc4 Kd7 38. Kc5 Kc7 39. b4 b6+ 40. Kd4 Kc6 41. a4 b5 42. a5 Kd7 43. Kc5 Kc7 44. g3 f6 45. g4 fxe5 46. fxe5 h6 47. h4 g6 48. Kd4 Kc6 49. Ke4 Kd7 50. Kf4 Kc6 51. Ke4 Kd7 52. Kd4 Kd8 53. Ke4 Kd7 1/2-1/2

[Event "ESP-ch U12 Rapid"]
[Site "Salobrena"]
[Date "2022.07.17"]
[Round "9"]
[White "Castillo Lopez, Jon"]
[Black "Odriozola Coscolin, Dani"]
[Result "1-0"]
[WhiteElo "1395"]
[BlackElo "1246"]
[PlyCount "119"]
[EventDate "2022.07.09"]
[EventType "swiss (rapid)"]
[EventRounds "9"]
[EventCountry "ESP"]
[SourceTitle "EXT 2023"]
[Source "ChessBase"]
[SourceDate "2022.10.05"]
[SourceVersion "1"]
[SourceVersionDate "2022.10.05"]
[SourceQuality "1"]

1. e4 c5 2. c3 d5 3. exd5 Qxd5 4. Nf3 Nf6 5. Be2 Bg4 6. 0-0 e6 7. d3 Be7 8. Bf4 0-0 9. Re1 Nc6 10. Nbd2 Rfd8 11. c4 Qd7 12. Qb3 h6 13. Rad1 Bd6 14. Bxd6 Qxd6 15. Ne4 Nxe4 16. dxe4 Qc7 17. Qc3 Rac8 18. b3 Bxf3 19. Bxf3 Nd4 20. Rd3 Rd7 21. h3 Rcd8 22. a3 Qe5 23. Ree3 Nxf3+ 24. Rxf3 Qxe4 25. Rg3 e5 26. Rde3 Qd4 27. Rxe5 Qxc3 28. Rxc3 Kf8 29. Rxc5 f6 30. Re3 Kf7 31. Rf5 Rc7 32. Rff3 Rdd7 33. Rd3 Rxd3 34. Rxd3 Ke6 35. Kf1 f5 36. Ke2 Kf6 37. Kf3 Ke5 38. Rd5+ Kf6 39. h4 g5 40. Rd6+ Kg7 41. hxg5 hxg5 42. g4 Rf7 43. gxf5 Rxf5+ 44. Kg4 Rxf2 45. Kxg5 Rf7 46. Rd8 Rc7 47. Kf5 Kf7 48. Ke5 Ke7 49. Rh8 Rc5+ 50. Kd4 Rc7 51. Rh7+ Kd6 52. Rxc7 Kxc7 53. Kd5 b6 54. c5 bxc5 55. Kxc5 Kb7 56. Kb5 a6+ 57. Kc5 Ka7 58. Kc6 a5 59. Kb5 a4 60. Kxa4 1-0

[Event "Merida World Heritage op 1st"]
[Site "Merida"]
[Date "2021.08.04"]
[Round "1"]
[White "Castillo Lopez, Jon"]
[Black "Gomez Aguirre, Juan Alberto"]
[Result "0-1"]
[WhiteElo "1134"]
[BlackElo "1918"]
[PlyCount "68"]
[EventDate "2021.08.04"]
[EventType "swiss"]
[EventRounds "9"]
[EventCountry "ESP"]
[SourceTitle "EXT 2023"]
[Source "ChessBase"]
[SourceDate "2022.10.05"]
[SourceVersion "1"]
[SourceVersionDate "2022.10.05"]
[SourceQuality "1"]

1. e4 e5 2. Nf3 Nc6 3. Bc4 Nf6 4. d3 Bc5 5. c3 d6 6. h3 h6 7. d4 exd4 8. cxd4 Bb4+ 9. Bd2 Bxd2+ 10. Nbxd2 0-0 11. 0-0 d5 12. exd5 Nxd5 13. Nb3 Nf4 14. Ne5 Nxe5 15. dxe5 Qg5 16. Qf3 Nxh3+ 17. Kh1 Qh4 18. gxh3 Qxc4 19. Qg3 b6 20. Rg1 Bb7+ 21. Kh2 g6 22. Rac1 Qd5 23. Rxc7 Rac8 24. e6 Rxc7 25. Qxc7 g5 26. e7 Re8 27. h4 Qe4 28. Qg3 f6 29. hxg5 hxg5 30. Nd2 Qe2 31. Nb3 Rxe7 32. Qb8+ Kg7 33. Rg2 Qh5+ 34. Kg1 Re1# 0-1